La agroindustria de la caña de azúcar en Costa Rica: modificaciones económicas y sociales (1950-1975) /
Analiza la agroindustria en Costa Rica y sus principales modificaciones económicas y sociales, en un período de 25 años (de 1950-1975). Considera que la profundización del capitalismo en la agroindustria de la caña de azúcar tiene su origen en el proceso de modernización del desarrollo de las fuerz...
Guardado en:
| Hovedforfatter: | |
|---|---|
| Andre forfattere: | |
| Format: | Ukendt |
| Sprog: | Spanish |
| Udgivet: |
San José, Costa Rica :
CSUCA; CLACSO,
1979
|
| Fag: | |
| Tags: |
Tilføj Tag
Ingen Tags, Vær først til at tagge denne postø!
|
MARC
| LEADER | 00000 a2200000 04500 | ||
|---|---|---|---|
| 001 | 45083 | ||
| 003 | cru CIDCACS/IIS | ||
| 005 | 20200603100426.0 | ||
| 008 | 050601s1979 cr spa d | ||
| 999 | |c 11991 |d 11991 | ||
| 040 | |c cru CIDCACS/IIS | ||
| 090 | |a 09883.00 | ||
| 100 | |a Pochet Coronado, Rosa María | ||
| 245 | 1 | 3 | |a La agroindustria de la caña de azúcar en Costa Rica: modificaciones económicas y sociales (1950-1975) / |c Rosa María Pochet Coronado, Nora Bermúdez Méndez |
| 260 | |a San José, Costa Rica : |b CSUCA; |b CLACSO, |c 1979 | ||
| 300 | |a 305 páginas: |b tablas, gráficos, mapas | ||
| 520 | |a Analiza la agroindustria en Costa Rica y sus principales modificaciones económicas y sociales, en un período de 25 años (de 1950-1975). Considera que la profundización del capitalismo en la agroindustria de la caña de azúcar tiene su origen en el proceso de modernización del desarrollo de las fuerzas productivas y de las relaciones de producción en las fincas cañeras y en los ingenios. Da una mayor organización de la producción con la introducción de innovaciones tecnológicas y al mismo tiempo el desarrollo de las fuerzas productivas conlleva al surgimiento de nuevas relaciones de producción. Las relaciones sociales que imponen las relaciones de producción intensifican las relaciones salariales y el trabajador ingresa de lleno al proceso capitalista como un vendedor más de su fuerza de trabajo, lo cual lo lleva a hacer conciencia respecto a su condición, lo que hace que se den las posibilidades de organización dentro de la masa de trabajadores. OB/JM | ||
| 650 | |a AGROINDUSTRIA | ||
| 650 | |a CAÑA DE AZUCAR | ||
| 650 | |a CAFE | ||
| 650 | |a BANANOS | ||
| 650 | |a GRANOS | ||
| 650 | |a CARNE | ||
| 650 | |a ANALISIS HISTORICO | ||
| 651 | 0 | |9 32 |a COSTA RICA | |
| 700 | |a Bermúdez Méndez, Nora | ||
| 942 | |2 ddc |c LI | ||
